Łatwy quiz wiedzy ogólnej #6 - Statystyki

Ogólne statystyki
  • Ten quiz został rozwiązany 3 998 razy
  • Średni wynik to 13 z 20
Statystyki odpowiedzi
Pytanie Odpowiedź % Poprawnych
Jaki jest jedyny kraj graniczący z Portugalią? Hiszpania
99%
W jakim kraju urodził się papież Franciszek, Lionel Messi i powstało tango? Argentyna
89%
Jaka substancja uzależniająca znajduje się w kawie i Coca-Coli? Kofeina
87%
Jaki ptak jest w godle Polski? Orzeł biały
87%
W jakim kraju znajduje się Wielka Piramida w Gizie? Egipt
85%
Co zostało zdegradowane z planety do planety karłowatej w 2006 roku? Pluton
84%
Jaką popularną potrawę pisze się przez dwa Z? Pizza (lub Mozzarella)
81%
Jaki piosenkarz, znany jako „Król Popu”, zmarł w 2009 roku? Michael Jackson
78%
Kto pojawił się na każdej brytyjskiej walucie wyprodukowanej w latach 1960-2022? Królowa Elżbieta II
75%
W jakim „ogrodzie” żyli Adam i Ewa? Ogród Eden
74%
Co oznacza hiszpańskie słowo „agua”? Woda
74%
Jaki rodzaj zębów pojawia się zazwyczaj w późnym wieku nastoletnim? Zęby {mądrości}
68%
Wymień miasto zaczynające się na literę M, którego populacja przekracza 10 milionów mieszkańców. Manila | Meksyk | Moskwa | Mumbaj
66%
X Która sieć restauracji nazywa siebie „The Home of the Whopper”? Burger King
55%
Który z Wojowniczych Żółwi Ninja ma takie samo imię jak odtwórca głównej roli w filmie „Titanic”? Leonardo
55%
Nazwa jakiego budynku w w Arlington pochodzi od jego kształtu? Pentagon
36%
Który sport olimpijski został całkowicie zdominowany przez Chiny, zdobywając 86% wszystkich złotych medali kiedykolwiek przyznanych? Tenis stołowy
36%
Jaki jest najbardziej wysunięty na północ ocean świata? Ocean {Arktyczny}
34%
Kto został perkusistą Beatlesów w 1962 roku? Ringo Starr
21%
Jaki jest najstarszy park narodowy w Polsce? Pieniński Park Narodowy
15%
Nie znaleziono quizów pasujących do podanych kryteriów
Rozkład punktacji
Procent ludzi z każdym wynikiem
Percentyl według liczby udzielonych odpowiedzi
Twoja historia wyników
Nie rozwiązałeś tego quizu